000 01649nam a22003137a 4500
999 _c9028
_d9028
003 AR-CdUCM
008 190327b ||||| |||| 00| 0 spa d
020 _a9972-691-52-7
040 _aMUNICIPALIDAD PROVINCIAL DEL CUSCO
_cBIBLIOTECA MUNICIPAL DEL CUSCO
082 _a321.8 /
_bN89
110 _aFundación Charles Léopold Mayer para el progreso del hombre (FPH)
_924978
245 _aPor una nueva gestión de nuestras sociedades :
_b10 principios para la gobernancia /
260 _aCusco :
_bCentro Bartolomé de las Casas,
_c2002.
300 _a80 páginas ;
_c16 cm.
440 _aDebate para otro futuro.
_n2
_924979
500 _aSerie Gobernancia y Ciudadanía.
505 _aContenido: La gobernancia se fundamenta sobre un enfoque territorial y sobre el principio de subsidiariedad activa -- A través de la gobernancia las comunidades plurales se instituyen desde la escala barrial hasta la escala planetaria -- La gobernancia devuelve la economía a su justo lugar -- La gobernancia debe estar fundada sobre una ética universal de la responsabilidad ...
650 _aPolítica Internacional
_91555
650 _aGlobalización
_98592
650 _aDemocracia
_92598
650 _aGobernabilidad
_924980
700 _aCalame, Pierre (coordinación)
_924981
700 _aBetancourt, Sebastián (traducción)
_924982
710 _aAlianza por un Mundo Responsable, Plural y Solidario (París)
_923903
710 _aCentro de Estudios Regionales Andinos Bartolomé de Las Casas (Cusco)
_93306
710 _aFundación Charles Léopold Mayer para el Progreso del Hombre (París)
_95596
942 _2ddc
_cLIBROS
945 _aachl